00661nam a2200241 a 4500001001300000003000900013005001700022008004100039020001000080082001600090100002700106245002000133260003200153300000900185500003500194505001000229650002700239700002700266902000800293942000700301952009600308999001500404nice12345678IN_TiNIC20260116011538.0050524s1902 lona grp 000 0 per  ac10000a891.51bFAR aFaryabi, H Zaheeruddin aDiwan-E-Faryabi aLondon bNo Publisherc1902 a372p aincludes index and biblioraphy2 aIndex aPersian Poetry-Faryabi1 aFaryabi, H Zaheeruddin bSRS cBK 00104070aHMIbHMId2007-06-01g100.00l0o891.51 FARp4507r2007-06-01w2026-01-16yARB c2501d2501